10 群馬県の市町村 人口順 - Statistics

General Stats
  • This quiz has been taken 7 times
  • The average score is 32 of 35
Answer Stats
順位 人口 市町村 % Correct
1 365,316 高崎市
100%
2 324,954 前橋市
100%
3 221,312 太田市
100%
4 210,431 伊勢崎市
100%
5 97,477 桐生市
100%
6 73,009 館林市
100%
7 69,997 渋川市
100%
13 41,431 沼田市
100%
15 24,753 邑楽町
100%
16 22,775 吉岡町
100%
17 15,543 みなかみ町
100%
19 13,982 中之条町
100%
21 11,883 甘楽町
100%
25 8,721 嬬恋村
100%
33 1,354 神流町
100%
35 974 上野村
100%
8 59,821 藤岡市
86%
9 51,183 安中市
86%
10 47,678 みどり市
86%
11 44,218 富岡市
86%
12 41,598 大泉町
86%
14 35,073 玉村町
86%
18 14,054 榛東村
86%
20 13,104 板倉町
86%
22 11,239 東吾妻町
86%
24 10,369 千代田町
86%
27 5,814 草津町
86%
29 4,697 長野原町
86%
30 3,523 片品村
86%
32 3,112 高山村
86%
34 1,269 南牧村
86%
23 10,391 明和町
71%
26 6,705 昭和村
71%
28 5,480 下仁田町
71%
31 3,176 川場村
71%
No matching quizzes found
Score Distribution
Percent of People with Each Score
Percentile by Number Answered
Your Score History
You have not taken this quiz